Города Калужской области - Statistics

General Stats
  • This quiz has been taken 85 times
  • The average score is 12 of 22
Answer Stats
Hint Answer % Correct
329 673 Калуга
100%
129 584 Обнинск
90%
41 511 Малоярославец
79%
16 603 Козельск
72%
27 661 Киров
67%
30 194 Балабаново
64%
9791 Таруса
62%
6470 Юхнов
59%
12 686 Боровск
56%
35 276 Людиново
54%
14 407 Сухиничи
54%
15 734 Кондрово
51%
4251 Мосальск
51%
5433 Жиздра
46%
8042 Медынь
44%
4592 Спас-Деменск
41%
15 656 Жуков
38%
10 980 Белоусово
38%
11 637 Кремёнки
33%
11 189 Ермолино
33%
11 259 Сосенский
31%
3722 Мещовск
26%
No matching quizzes found
Score Distribution
Percent of People with Each Score
Percentile by Number Answered
Your Score History
You have not taken this quiz